Computer Integrated Manufacturing Current Status and Challenges

Na minha lista:
Detalhes bibliográficos
Outros Autores: Turksen, Burhan I.
Formato: Livro
Idioma:inglês
Publicado em: Berlin Springer 1988
Edição:1. ed.
Tags: Adicionar Tag
Sem tags, seja o primeiro a adicionar uma tag!

MARC

LEADER 00000nam a2200000 4500
001 c040397
005 20221219115604.4
041 0 |a eng 
044 |a US 
245 1 0 |a Computer Integrated Manufacturing  |b Current Status and Challenges  |c Edit. Burhan I. Turksen 
250 |a 1. ed. 
264 1 |a Berlin  |b Springer  |c 1988 
300 |a 568 s. 
700 1 |a Turksen, Burhan I.